| 000 | 00844nam a22002535a 4500 | ||
|---|---|---|---|
| 003 | OSt | ||
| 005 | 20161207130448.0 | ||
| 008 | 161207s2009 ua frb 000 0 ara d | ||
| 015 | _a2006/19779 | ||
| 020 | _a9770450219 | ||
| 040 |
_aEG-ScBUE _bara _cEG-ScBUE |
||
| 043 | _af-ua--- | ||
| 082 | 0 | 4 |
_a344.6201 _bخ ا ط _222 |
| 100 | 1 | _aخاطر، شريف يوسف. | |
| 245 | 1 | 2 |
_aالوظيفة العامة : _bدراسة مقارنة / _cشريف يوسف خاطر. |
| 250 | _aط. 2. | ||
| 260 |
_aالقاهرة : _bدار النهضة العربية، _c2009. |
||
| 300 |
_a305 ص. ؛ _c24 سم. |
||
| 504 | _aيشتمل على إرجاعات ببليوجرافية. | ||
| 650 | 7 |
_aالعمل والعمال _xقوانين وتشريعات _zمصر. _2BUEsh _910938 |
|
| 651 | _2BUEsh | ||
| 653 |
_bLLAAWW _cDecember2016 |
||
| 942 | _2ddc | ||
| 999 |
_c23497 _d23469 |
||